书目信息 |
| 题名: |
双飞翼
|
|
| 作者: | 王蒙 著 | |
| 分册: | ||
| 出版信息: | 北京 生活·读书·新知三联书店 2006 |
|
| 页数: | 331页 | |
| 开本: | 20cm | |
| 丛书名: | ||
| 单 册: | ||
| 中图分类: | I207.411 , I207.227 | |
| 科图分类: | ||
| 主题词: | ||
| 电子资源: | ||
| ISBN: | 7-108-02536-1 | |
| 000 | 00786nam0 2200253 450 | |
| 001 | 012006082401 | |
| 005 | 20070801170416.84 | |
| 010 | @a7-108-02536-1@dCNY21.00 | |
| 100 | @a20060915d2006 em y0chiy0110 ea | |
| 101 | 0 | @achi |
| 102 | @aCN@b110000 | |
| 105 | @ay z 000gy | |
| 200 | 1 | @a双飞翼@9shuang fei yi@f王蒙[著] |
| 205 | @a2版 | |
| 210 | @a北京@c生活·读书·新知三联书店@d2006 | |
| 215 | @a331页@d20cm | |
| 330 | @a本书共分为关于李商隐、关于《红楼梦》两大块,其中包括雨在义山、通境与通情、变奏与狂想、天情的体验、伟大的混沌等内容。 | |
| 600 | 0 | @a李商隐@f(812~约858)@x唐诗@x文学研究 |
| 605 | @a红楼梦@x文学研究 | |
| 690 | @aI207.411@v4 | |
| 690 | @aI207.227@v4 | |
| 701 | 0 | @a王蒙@9wang meng@4著 |
| 801 | 0 | @aCN@bRENTIAN@c20070801 |
| 905 | @a10447@dI207.227@e757 | |
| 双飞翼/王蒙[著].-2版.-北京:生活·读书·新知三联书店,2006 |
| 331页;20cm |
| ISBN 7-108-02536-1:CNY21.00 |
| 本书共分为关于李商隐、关于《红楼梦》两大块,其中包括雨在义山、通境与通情、变奏与狂想、天情的体验、伟大的混沌等内容。 |
| ● |
| 相关链接 |
|
|
|
|
正题名:双飞翼
索取号:I207.227/757
 
预约/预借
| 序号 | 登录号 | 条形码 | 馆藏地/架位号 | 状态 | 备注 |
| 1 | 0800774 | 208007743 | 第一样本阅览室/ [索取号:I207.227/757] | 在馆 | |
| 2 | 0800775 | 208007752 | 第二借阅区/ [索取号:I207.227/757] | 在馆 | |
| 3 | 0800776 | 208007761 | 第二借阅区/ [索取号:I207.227/757] | 在馆 | |
| 4 | 0800777 | 208007770 | 第二借阅区/ [索取号:I207.227/757] | 在馆 | |
| 5 | 0800778 | 208007789 | 第二借阅区/ [索取号:I207.227/757] | 在馆 | |
| 6 | 0800779 | 208007798 | 第二借阅区/ [索取号:I207.227/757] | 在馆 | |
| 7 | 0800780 | 208007805 | 第二借阅区/ [索取号:I207.227/757] | 在馆 | |
| 8 | 0800781 | 208007814 | 第二借阅区/ [索取号:I207.227/757] | 在馆 | |
| 9 | 0800782 | 208007823 | 第二借阅区/ [索取号:I207.227/757] | 在馆 | |
| 10 | 0800783 | 208007832 | 第二借阅区/ [索取号:I207.227/757] | 在馆 |